| 000 | 00724nam a2200205Ia 4500 | ||
|---|---|---|---|
| 003 | GCL | ||
| 008 | 140319s9999 xx 000 0 ara d | ||
| 040 |
_aGCL / _cGCL |
||
| 082 | 0 | 4 |
_a341.37 _bع ت |
| 100 | 1 | _aعبدالغنى محمود | |
| 245 | 1 | 0 |
_aالتحفظ على المعاهدات الدولية فى القانون الدولى العام والشريعة الاسلامية / _cعبدالغنى محمود |
| 260 |
_a[S.N] : _bدار الاتحاد العربى ، _c1986 |
||
| 300 | _a200 ص | ||
| 490 | _a | ||
| 650 | 0 | 4 | _aالاتفاقيات الدولية |
| 650 | 0 | 4 | _aالقانون الدولى |
| 650 | 0 | 4 | _aالمعاهدات |
| 650 | 0 | 4 | _aالشريعة الاسلامية |
| 942 |
_2ddc _cBK |
||
| 999 |
_c58075 _d58075 |
||